UCM

Quimica geral (Record no. 230)

MARC details
000 -LEADER
fixed length control field 00566nam a2200253u 4500
008 - FIXED-LENGTH DATA ELEMENTS--GENERAL INFORMATION
fixed length control field 080212|||||||||||||||||||||||||||||eng|u
020 ## - INTERNATIONAL STANDARD BOOK NUMBER
International Standard Book Number 8521604491
100 1# - MAIN ENTRY--PERSONAL NAME
Personal name Brady, James E.
245 10 - TITLE STATEMENT
Title Quimica geral
Remainder of title Vol. 1
Statement of responsibility, etc James E. Brady, Gerard E. Humiston
250 ## - EDITION STATEMENT
Edition statement 2a ed.
260 ## - PUBLICATION, DISTRIBUTION, ETC. (IMPRINT)
Place of publication, distribution, etc Rio de Janeiro
Name of publisher, distributor, etc LTC
Date of publication, distribution, etc 1986
300 ## - PHYSICAL DESCRIPTION
Extent 410p.
650 #4 - SUBJECT ADDED ENTRY--TOPICAL TERM
Topical term or geographic name as entry element Quimica geral
700 1# - ADDED ENTRY--PERSONAL NAME
Personal name Humiston Gerard E.
961 wl -
-- 11
961 wl -
-- 11
961 wl -
-- 11
961 wl -
-- 11
961 wl -
-- 11
961 wl -
-- 11
961 wl -
-- 11
Holdings
Withdrawn status Lost status Damaged status Not for loan Home library Current library Date acquired Total Checkouts Full call number Barcode Date last seen Price effective from Koha item type
        Beira - Ciências da Saúde Beira - Ciências da Saúde 31/12/2011   54 704 31/12/2011 31/12/2011 Books
        Beira - Ciências da Saúde Beira - Ciências da Saúde 31/12/2011   54 705 31/12/2011 31/12/2011 Books
        Beira - Ciências da Saúde Beira - Ciências da Saúde 31/12/2011   54 706 31/12/2011 31/12/2011 Books
        Beira - Ciências da Saúde Beira - Ciências da Saúde 31/12/2011   54 479 31/12/2011 31/12/2011 Books
        Beira - Ciências da Saúde Beira - Ciências da Saúde 31/12/2011   54 480 31/12/2011 31/12/2011 Books
        Beira - Ciências da Saúde Beira - Ciências da Saúde 31/12/2011   54 708 31/12/2011 31/12/2011 Books
        Beira - Ciências da Saúde Beira - Ciências da Saúde 31/12/2011   54 709 31/12/2011 31/12/2011 Books

Universidade Católica de Moçambique - Rua Marquês de Soveral, 960, Palmeiras II, Beira, Moçambique

Tel (Central): (+258) 23 313 077 - Fax: (+258) 23 311 520 - Email: reitoria@ucm.ac.mz - Web: www.ucm.ac.mz